| 000 | 00891nam a2200241Ia 4500 | ||
|---|---|---|---|
| 003 | OSt | ||
| 005 | 20221002050128.0 | ||
| 006 | a|||||r|||| 00| 0 | ||
| 007 | ta | ||
| 008 | 220930b |||||||| |||| 00| 0 hin d | ||
| 020 |
_a9788186304662 (hbk) _c2400 |
||
| 024 | _a105476 | ||
| 037 |
_b12961, 19/03/2011, Kitab Ghar _cReference Collections |
||
| 040 |
_aCRL _cCRL _bhin |
||
| 041 |
_2hin _ahin |
||
| 082 | _aO152,3M611,1, P8.1-.7(RR) | ||
| 100 | _aखत्री, देवकीनन्दन | ||
| 245 | 0 | _aचन्द्रकान्ता सन्तति | |
| 260 |
_aदिल्ली _b भारत पुस्तक भण्डार _c2008 |
||
| 490 | _vभाग 1 | ||
| 942 |
_hO152,3M611,1, P8.1-.7(RR) _cref _2CC |
||
| 999 |
_c913929 _d913929 |
||